[Event "Condino op 11th"]
[Site "Condino"]
[Date "2011.07.26"]
[Round "3"]
[White "Carletti, Angelo"]
[Black "Panjkovic, Stefan"]
[Result "1/2-1/2"]
[WhiteElo "1849"]
[BlackElo "1626"]
[PlyCount "66"]
[EventDate "2011.07.25"]
[EventType "swiss"]
[EventRounds "7"]
[EventCountry "ITA"]
[SourceTitle "EXT 2012"]
[Source "ChessBase"]
[SourceDate "2011.11.24"]
[SourceVersion "1"]
[SourceVersionDate "2011.11.24"]
[SourceQuality "1"]

1. e4 d5 2. exd5 Qxd5 3. Nc3 Qa5 4. d4 Nf6 5. Nf3 c6 6. Be2 Bf5 7. 0-0 e6 8. Ne5 Bb4 9. Bd2 0-0 10. a3 Bxc3 11. Bxc3 Qc7 12. Bd2 h6 13. h3 Nbd7 14. Bf4 Nxe5 15. Bxe5 Qe7 16. Bd3 Bxd3 17. Qxd3 Rfd8 18. Qg3 Rac8 19. Rfd1 c5 20. dxc5 Rxc5 21. Bd6 Rxd6 22. Qxd6 Qxd6 23. Rxd6 Rxc2 24. Rd8+ Kh7 25. b4 Kg6 26. Ra8 a6 27. Ra7 Rc7 28. Rb1 Nd5 29. b5 Nc3 30. bxa6 Nxb1 31. axb7 Rc1+ 32. Kh2 Nd2 33. b8Q Nf1+ 1/2-1/2

[Event "Condino op"]
[Site "Condino"]
[Date "2010.07.30"]
[Round "7"]
[White "Panjkovic, Stefan"]
[Black "Weinberg, Emanuele"]
[Result "1/2-1/2"]
[WhiteElo "1608"]
[BlackElo "1843"]
[PlyCount "22"]
[EventDate "2010.07.26"]
[EventType "swiss"]
[EventRounds "7"]
[EventCountry "ITA"]
[SourceTitle "CBM 137 Extra"]
[Source "ChessBase"]
[SourceDate "2010.09.01"]
[SourceVersion "1"]
[SourceVersionDate "2010.09.01"]
[SourceQuality "1"]

1. d4 Nf6 2. Bf4 g6 3. e3 Bg7 4. Nf3 d6 5. h3 0-0 6. Be2 b6 7. 0-0 Ba6 8. Bxa6 Nxa6 9. c3 Re8 10. Nbd2 c5 11. a4 cxd4 1/2-1/2

[Event "Condino op"]
[Site "Condino"]
[Date "2009.07.28"]
[Round "2"]
[White "Frugoni, Giulio"]
[Black "Panjkovic, Stefan"]
[Result "0-1"]
[WhiteElo "1753"]
[BlackElo "1503"]
[PlyCount "76"]
[EventDate "2009.07.27"]
[EventType "swiss"]
[EventRounds "7"]
[EventCountry "ITA"]
[SourceTitle "CBM 131 Extra"]
[Source "ChessBase"]
[SourceDate "2009.09.03"]
[SourceVersion "2"]
[SourceVersionDate "2009.09.16"]
[SourceQuality "1"]

1. Nf3 f5 2. d4 Nf6 3. c4 e6 4. Bf4 d5 5. e3 c6 6. Nc3 Bd6 7. Be5 0-0 8. h3 Bxe5 9. Nxe5 Bd7 10. Qb3 Qc7 11. Bd3 Be8 12. Rc1 Qb6 13. Qc2 g6 14. cxd5 exd5 15. f3 Nbd7 16. Nxd7 Bxd7 17. g4 Ne8 18. Rg1 Nd6 19. Qg2 Rae8 20. Qf2 f4 21. e4 Be6 22. e5 Nf7 23. h4 Rc8 24. h5 Nh8 25. hxg6 Nxg6 26. Bxg6 hxg6 27. Rh1 Kg7 28. g5 c5 29. Rh6 cxd4 30. Rh7+ Kxh7 31. Qh4+ Kg7 32. Qh6+ Kf7 33. Qh7+ Ke8 34. Qxg6+ Bf7 35. Qf5 Be6 36. Qg6+ Bf7 37. Qf5 Qe6 38. Qd3 Qxe5+ 0-1

[Event "Trento op"]
[Site "Trento"]
[Date "2008.03.30"]
[Round "5"]
[White "Filosi, Andrea"]
[Black "Panjkovic, Stefan"]
[Result "1/2-1/2"]
[WhiteElo "1500"]
[BlackElo "1446"]
[PlyCount "46"]
[EventDate "2008.03.28"]
[EventType "swiss"]
[EventRounds "5"]
[EventCountry "ITA"]
[SourceTitle "EXT 2011"]
[Source "ChessBase"]
[SourceDate "2010.11.26"]
[SourceVersion "1"]
[SourceVersionDate "2010.11.26"]
[SourceQuality "1"]

1. d4 f5 2. Nf3 Nf6 3. Bg5 e6 4. e3 Be7 5. Bxf6 Bxf6 6. Bd3 0-0 7. c3 d5 8. Qc2 Bd7 9. Nbd2 Be7 10. h3 Qc8 11. g4 c5 12. b3 cxd4 13. exd4 Nc6 14. Rg1 Bd6 15. Nh4 g6 16. gxf5 exf5 17. 0-0-0 Kh8 18. Ndf3 Be7 19. Qe2 Qe8 20. Qf1 Qd8 21. Ng2 Bf6 22. Ne3 Be6 23. Qg2 Rg8 1/2-1/2

[Event "Trento op"]
[Site "Trento"]
[Date "2008.03.29"]
[Round "3"]
[White "Filosi, Gianluigi"]
[Black "Panjkovic, Stefan"]
[Result "1/2-1/2"]
[WhiteElo "1625"]
[BlackElo "1446"]
[PlyCount "36"]
[EventDate "2008.03.28"]
[EventType "swiss"]
[EventRounds "5"]
[EventCountry "ITA"]
[SourceTitle "EXT 2011"]
[Source "ChessBase"]
[SourceDate "2010.11.26"]
[SourceVersion "1"]
[SourceVersionDate "2010.11.26"]
[SourceQuality "1"]

1. d4 f5 2. Bf4 Nf6 3. Nf3 e6 4. e3 Be7 5. Bd3 0-0 6. Nbd2 d5 7. Qe2 Bd7 8. h3 Be8 9. Nh2 Nbd7 10. 0-0-0 c5 11. c3 c4 12. Bc2 b5 13. g4 Bg6 14. Nhf3 Ne4 15. Ne5 Nxe5 16. Bxe5 a5 17. f3 Nf6 18. gxf5 Bxf5 1/2-1/2